| 000 | 00613nam a2200181 i 4500 | ||
|---|---|---|---|
| 001 | 150670 | ||
| 003 | ES-MaACL | ||
| 005 | 20230906203629.0 | ||
| 007 | t| | ||
| 008 | 071105s1930 fr ||||1| fre d | ||
| 100 | 1 |
_aDervenn, Claude. _943804 |
|
| 245 | 1 | 4 |
_aLes Baléares / _ctexte de Claude Dervenn ; dessins de M.-Y. Guibillon. |
| 260 |
_aParis : _bGuitard, _c[1930?] |
||
| 300 |
_a120 p. : _bil. ; _c28 cm + _e36 p. |
||
| 500 | _aContiene al final del libro: "Guide pratique "Occitania" aux Iles Baléares. | ||
| 651 | 4 |
_aBaleares (Comunidad Autónoma)- _xDescripción. _97857 |
|
| 852 |
_aES-MaACL _jA-1728 |
||
| 999 |
_c150670 _d150670 |
||